| 000 | 01255cam a22002774a 4500 | ||
|---|---|---|---|
| 001 | 16789197 | ||
| 003 | OSt | ||
| 005 | 20150917102217.0 | ||
| 008 | 110520s2011 ncu bd 000 0 eng | ||
| 010 | _a 2011020107 | ||
| 020 | _a9780786444632 (pbk. : alk. paper) | ||
| 020 | _a0786444630 (pbk. : alk. paper) | ||
| 035 | _a(OCoLC)ocn706409845 | ||
| 040 | _aSEKU | ||
| 042 | _apcc | ||
| 050 | 0 | 0 |
_aPS 3515 .E2 _bZ4 2011 |
| 100 | 1 |
_aSullivan, Charles Wm. _q(Charles William), _d1944- |
|
| 245 | 1 | 0 |
_aHeinlein's juvenile novels : _ba cultural dictionary _cC.W. Sullivan, III. |
| 260 |
_aJefferson, N.C. : _bMcFarland & Co., _cc2011. |
||
| 300 |
_aix, 182 p. ; _c23 cm. |
||
| 490 | 0 |
_aCritical exploration in science fiction and fantasy ; _v32 |
|
| 504 | _aIncludes bibliographical references. | ||
| 520 | _a"Robert A. Heinlein was one of the most revered science fiction writers in America during the twentieth century. He published his early, juvenile science fiction novels between 1947 and 1958. This comprehensive work explores Heinlein's juvenile novels, providing pertinent definitions and explanations to aid the reader"--Provided by publisher. | ||
| 600 | 1 | 0 |
_aHeinlein, Robert A. _q(Robert Anson), _d1907-1988 _vDictionaries. |
| 942 |
_2lcc _cGEN |
||
| 999 |
_c8998 _d8998 |
||